Vật lí 6

Đã lưu trong:
Bibliografiske detaljer
Hovedforfatter: Vũ, Quang
Andre forfattere: Bùi, Gia Thịnh
Format: Bog
Sprog:Undetermined
Udgivet: H. Giáo dục 2002
Fag:
Online adgang:http://lrc.tdmu.edu.vn/opac/search/detail.asp?aID=2&ID=4825
Tags: Tilføj Tag
Ingen Tags, Vær først til at tagge denne postø!
Thư viện lưu trữ: Trung tâm Học liệu Trường Đại học Thủ Dầu Một
LEADER 00601nam a2200205Ia 4500
001 TDMU_4825
008 210410s9999 xx 000 0 und d
082 |a 530.71 
090 |b V500 
100 |a Vũ, Quang 
245 0 |a Vật lí 6 
245 0 |c Vũ Quang 
260 |a H. 
260 |b Giáo dục 
260 |c 2002 
300 |a 96tr 
650 |a Vật lí  |x Dạy và học; Sách lớp 6  |v Giáo khoa 
700 |a Bùi, Gia Thịnh 
856 |u http://lrc.tdmu.edu.vn/opac/search/detail.asp?aID=2&ID=4825 
980 |a Trung tâm Học liệu Trường Đại học Thủ Dầu Một